[Event "Montserrat op"]
[Site "Montserrat"]
[Date "2023.09.01"]
[Round "7"]
[White "Buenafe Moya, Javier"]
[Black "Gavarrete, Nahun"]
[Result "1/2-1/2"]
[WhiteElo "2204"]
[BlackElo "2232"]
[PlyCount "161"]
[EventDate "2023.08.28"]
[EventType "swiss"]
[EventRounds "9"]
[EventCountry "ESP"]
[SourceTitle "EXT 2024"]
[Source "ChessBase"]
[SourceDate "2023.10.10"]
[SourceVersion "1"]
[SourceVersionDate "2023.10.10"]
[SourceQuality "1"]

1. c4 e5 2. Nc3 Nf6 3. Nf3 Nc6 4. e4 g6 5. g3 Bg7 6. Bg2 0-0 7. 0-0 d6 8. d3 a6 9. a3 Rb8 10. b4 b5 11. cxb5 axb5 12. Bb2 Bd7 13. Re1 h5 14. Bf1 Nd4 15. Nb1 Nxf3+ 16. Qxf3 Nh7 17. Qd1 Ng5 18. h4 Nh3+ 19. Bxh3 Bxh3 20. d4 Qf6 21. Nc3 c6 22. d5 c5 23. bxc5 dxc5 24. Bc1 b4 25. axb4 cxb4 26. Bg5 Qd6 27. Na4 Rfc8 28. Qb3 Bd7 29. Rec1 Bf8 30. Be3 Bxa4 31. Rxa4 Qd7 32. Rxc8 Qxc8 33. Kg2 Bd6 34. Bd2 Qg4 35. f3 Qd7 36. Be3 Qb5 37. Ra2 Rc8 38. Rb2 Kg7 39. Qd1 Qc4 40. Qb3 Qxb3 41. Rxb3 Rc2+ 42. Kf1 f5 43. exf5 gxf5 44. Ke1 Ra2 45. Rb1 Ra5 46. Rd1 Kf7 47. Ke2 Ke7 48. Rd3 Kd7 49. Bd2 Ra2 50. Rb3 Ra4 51. Kd3 Ra5 52. Kc4 Rc5+ 53. Kd3 Rxd5+ 54. Kc2 Rb5 55. Rb1 Ke6 56. Kb3 Rd5 57. Kc2 Rd4 58. Be1 e4 59. fxe4 fxe4 60. Ra1 Rd3 61. Rb1 Kf5 62. Bxb4 Bxb4 63. Rxb4 Rxg3 64. Kd2 Kf4 65. Rb5 Rg2+ 66. Ke1 Kg4 67. Rg5+ Kf3 68. Rf5+ Ke3 69. Kf1 Ra2 70. Rxh5 Ra1+ 71. Kg2 Ke2 72. Re5 e3 73. h5 Kd2 74. Kf3 Rf1+ 75. Kg4 Rg1+ 76. Kf5 e2 77. h6 Rg3 78. h7 Rh3 79. Kg6 e1Q 80. Rxe1 Kxe1 81. Kg7 1/2-1/2

[Event "Titled Tuesday intern op 25th Jul Early"]
[Site "Chess.com INT"]
[Date "2023.07.25"]
[Round "3"]
[White "Ambartsumova, Karina"]
[Black "Gavarrete, Nahun"]
[Result "1/2-1/2"]
[WhiteElo "2393"]
[BlackElo "2303"]
[PlyCount "188"]
[EventDate "2023.07.25"]
[EventType "swiss (blitz)"]
[EventRounds "11"]
[EventCountry "USA"]
[SourceTitle "EXT 2024"]
[Source "ChessBase"]
[SourceDate "2023.10.10"]
[SourceVersion "1"]
[SourceVersionDate "2023.10.10"]
[SourceQuality "1"]

1. c4 e6 2. Nf3 d5 3. g3 Nf6 4. Bg2 c5 5. cxd5 exd5 6. d4 Nc6 7. 0-0 Be7 8. Nc3 0-0 9. dxc5 Bxc5 10. e3 Re8 11. b3 d4 12. Na4 dxe3 13. Qxd8 exf2+ 14. Kh1 Rxd8 15. Nxc5 b6 16. Na4 Ba6 17. Rxf2 Ne4 18. Be3 Nxf2+ 19. Bxf2 Rac8 20. h4 Nb4 21. a3 Nd3 22. Bd4 b5 23. Nb2 Nxb2 24. Bxb2 Rc2 25. Bd4 Bb7 26. Rd1 Ra2 27. Rc1 h6 28. Bg1 Rxg2 29. Kxg2 Rd2+ 30. Bf2 Rd3 31. Rc7 Bxf3+ 32. Kh2 Rd1 33. g4 Bxg4 34. Rxa7 Be6 35. a4 b4 36. a5 Rd2 37. Kg3 Bxb3 38. Rb7 Rd3+ 39. Kh2 Bd5 40. Rxb4 Rd2 41. Kg3 Ra2 42. Rb8+ Kh7 43. Bb6 g5 44. hxg5 hxg5 45. Rd8 Be6 46. Ra8 Ra3+ 47. Kf2 Bd5 48. Ra7 Kg6 49. Bd8 f5 50. Ra6+ Kh5 51. Rd6 Ra2+ 52. Ke3 Be4 53. Kd4 Ra3 54. Ke5 Kg4 55. Rd7 Rb3 56. Rg7 Rb5+ 57. Kf6 f4 58. Re7 Bd3 59. Rd7 Be4 60. Rd4 Bf3 61. Kg6 Rc5 62. Ra4 Rc6+ 63. Bf6 Be2 64. Ra2 f3 65. Kg7 Ra6 66. Ra4+ Kg3 67. Be5+ Kf2 68. Bd4+ Kg2 69. Ra2 g4 70. Bb6 g3 71. Kf6 Kf1 72. Ke5 f2 73. Ra1+ Kg2 74. Kf4 f1Q+ 75. Rxf1 Bxf1 76. Ke3 Ra8 77. Kd4 Kf3 78. Kc5 g2 79. Kd6 Ra6 80. Kc7 Rxb6 81. axb6 g1Q 82. b7 Qg7+ 83. Kd8 Qg8+ 84. Kc7 Qf7+ 85. Kb6 Qe8 86. Ka7 Qd7 87. Ka8 Qa4+ 88. Kb8 Bh3 89. Kc7 Qc4+ 90. Kb8 Bd7 91. Ka7 Qa4+ 92. Kb8 Bc6 93. Kc7 Qa7 94. Kd8 Qxb7 1/2-1/2

[Event "Titled Tuesday intern op 25th Jul Late"]
[Site "Chess.com INT"]
[Date "2023.07.25"]
[Round "1"]
[White "Gavarrete, Nahun"]
[Black "Boyer, Mahel"]
[Result "0-1"]
[WhiteElo "2303"]
[BlackElo "2501"]
[PlyCount "108"]
[EventDate "2023.07.25"]
[EventType "swiss (blitz)"]
[EventRounds "11"]
[EventCountry "USA"]
[SourceTitle "EXT 2024"]
[Source "ChessBase"]
[SourceDate "2023.10.10"]
[SourceVersion "1"]
[SourceVersionDate "2023.10.10"]
[SourceQuality "1"]

1. e4 c6 2. c4 d5 3. exd5 cxd5 4. cxd5 Nf6 5. Nc3 Nxd5 6. Nf3 Nc6 7. Bb5 g6 8. h4 Bg7 9. h5 0-0 10. hxg6 hxg6 11. d4 Bg4 12. Bxc6 bxc6 13. Rh4 Qc8 14. Ne4 Qe6 15. Nfg5 Qxe4+ 16. Nxe4 Bxd1 17. Kxd1 Bxd4 18. Bg5 Bxb2 19. Rb1 Rab8 20. Kc2 Bg7 21. Rhh1 Nb4+ 22. Kd2 Rfd8+ 23. Ke2 Nxa2 24. Kf3 f5 25. Nc5 Kf7 26. Nb7 Rd3+ 27. Ke2 Rd4 28. Rb3 Nc3+ 29. Kf3 Re4 30. Nd6+ exd6 31. Rxb8 Be5 32. Rb7+ Ke6 33. Rhh7 Rg4 34. Be3 Kd5 35. Rxa7 Ne4 36. Ra5+ c5 37. Rd7 Ke6 38. Raa7 Nf6 39. Re7+ Kd5 40. g3 Rb4 41. Bf4 Rb3+ 42. Kg2 Bxf4 43. gxf4 Nh5 44. Rad7 Nxf4+ 45. Kg1 Kc6 46. Rd8 Rb1+ 47. Kh2 Rb2 48. Kg3 Nh5+ 49. Kh4 Rxf2 50. Re6 Rf4+ 51. Kg5 Rg4+ 52. Kh6 Rd4 53. Rxg6 Nf4 54. Rf6 Rd5 0-1

[Event "Benidorm op-A"]
[Site "Benidorm"]
[Date "2022.12.03"]
[Round "1"]
[White "Panjer, Sidney"]
[Black "Gavarrete, Nahun"]
[Result "1/2-1/2"]
[WhiteElo "2100"]
[BlackElo "2325"]
[PlyCount "66"]
[EventDate "2022.12.03"]
[EventType "swiss"]
[EventRounds "9"]
[EventCountry "ESP"]
[SourceTitle "CBM 211 Extra"]
[Source "ChessBase"]
[SourceDate "2023.01.31"]
[SourceVersion "1"]
[SourceVersionDate "2023.01.31"]
[SourceQuality "1"]

1. Nf3 Nf6 2. c4 g6 3. Nc3 Bg7 4. e4 0-0 5. d4 d6 6. Be2 e5 7. dxe5 dxe5 8. Qxd8 Rxd8 9. Bg5 Re8 10. Nd5 Nxd5 11. cxd5 c6 12. Bc4 cxd5 13. Bxd5 Nc6 14. 0-0-0 Bg4 15. h3 Bxf3 16. gxf3 Nd4 17. Be3 Rac8+ 18. Kb1 b6 19. f4 Nc2 20. fxe5 Nxe3 21. fxe3 Bxe5 22. Rhf1 Rc7 23. Rc1 Ree7 24. Rxc7 Rxc7 25. Rc1 Re7 26. Kc2 Kg7 27. b4 Bd6 28. Kb3 h5 29. a4 a5 30. bxa5 bxa5 31. Kc2 g5 32. Rg1 Kg6 33. Kd3 Rc7 1/2-1/2

[Event "Almansa op-A"]
[Site "Almansa"]
[Date "2022.08.12"]
[Round "6"]
[White "Buenafe Moya, Javier"]
[Black "Gavarrete, Nahun"]
[Result "1/2-1/2"]
[WhiteElo "2165"]
[BlackElo "2323"]
[PlyCount "30"]
[EventDate "2022.08.10"]
[EventType "swiss"]
[EventRounds "8"]
[EventCountry "ESP"]
[SourceTitle "CBM 210 Extra"]
[Source "ChessBase"]
[SourceDate "2022.11.30"]
[SourceVersion "1"]
[SourceVersionDate "2022.11.30"]
[SourceQuality "1"]

1. c4 Nf6 2. Nc3 g6 3. g3 Bg7 4. Bg2 0-0 5. e3 e5 6. Nge2 d6 7. 0-0 Nbd7 8. d3 a6 9. Rb1 Rb8 10. a4 b6 11. b4 Bb7 12. e4 c6 13. h3 Re8 14. Be3 h6 15. Qd2 Kh7 1/2-1/2

[Event "La Roda op 48th"]
[Site "La Roda"]
[Date "2022.04.17"]
[Round "8"]
[White "Gavarrete, Nahun"]
[Black "Gukesh, Dommaraju"]
[Result "0-1"]
[WhiteElo "2349"]
[BlackElo "2637"]
[PlyCount "38"]
[EventDate "2022.04.13"]
[EventType "swiss"]
[EventRounds "9"]
[EventCountry "ESP"]
[SourceTitle "CBM 207 Extra"]
[Source "ChessBase"]
[SourceDate "2022.05.31"]
[SourceVersion "1"]
[SourceVersionDate "2022.05.31"]
[SourceQuality "1"]

1. e4 c5 2. Nf3 Nc6 3. Bb5 g6 4. 0-0 Bg7 5. c3 Nf6 6. Qe2 0-0 7. d4 d5 8. e5 Ne4 9. Bxc6 bxc6 10. Be3 cxd4 11. cxd4 f6 12. h3 g5 13. Rc1 g4 14. hxg4 Bxg4 15. Nbd2 Nxd2 16. Bxd2 fxe5 17. dxe5 Qe8 18. Qe3 Bxf3 19. gxf3 Kh8 0-1